| 000 | 00679nam a22001577a 4500 | ||
|---|---|---|---|
| 005 | 2012021600430.0 | ||
| 020 |
_a8187317930 _c000.00 |
||
| 035 | _aB-31289 | ||
| 037 |
_aDPL _bENG |
||
| 100 |
_aAdhikari,Rajiv _943034 |
||
| 245 |
_aLibrary Serials Automation/ _cby Rajiv Adhikari |
||
| 260 |
_a New Delhi _bEss Ess Publications _c2000 |
||
| 300 |
_a 279p. _c23 cms. |
||
| 942 |
_2ddc _cEN _h025.04 _mADH |
||
| 999 |
_c63463 _d63463 |
||